000 01189nam a2200337 i 4500
001 147357
003 ES-MaACL
005 20260130112339.0
007 t|
008 070928s1957 sp ||||1| spa d
080 _a821.134.2-992"19"
080 _a913(443.611)
080 _a913(447.95 Hendaya)
080 _a913(460.413 Fuerteventura)
100 1 _aUnamuno, Miguel de,
_d1864-1936
_9111982
245 1 0 _aEn el destierro :
_b(recuerdos y esperanzas) /
_cMiguel de Unamuno.
260 _aMadrid :
_bPegaso,
_c[1957]
300 _a210 p. :
_bretr. autor ;
_c19 cm.
490 1 _aNuestra época
505 8 _aContiene: Fuerteventura: divagaciones de un confinado (1924) ; Aspectos de París (1924-1925)
530 _aDisponible en formato digital.
600 1 4 _aUnamuno, Miguel de,
_d1864-1936
_9111982
651 4 _aParís-
_xDescripción.
_99207
651 4 _aHendaya-
_xDescripción.
_9172383
651 4 _aFuerteventura-
_xDescripción.
_9172384
830 1 _aNuestra época
_9183499
852 _aES-MaACL
_jC-13436
_cSPAL
856 4 _uhttp://bdh-rd.bne.es/viewer.vm?id=0000201605&page=1
_yBiblioteca Digital Hispánica
942 _2udc
999 _c147357
_d147357